El papel del gobierno en el desarrollo económico del Asia oriental : (Registro nro. 8603)

Detalles MARC
000 -LEADER
fixed length control field 01745nam a2200349Ia 4500
003 - CONTROL NUMBER IDENTIFIER
control field OSt
005 - DATE AND TIME OF LATEST TRANSACTION
control field 20210917123128.0
008 - FIXED-LENGTH DATA ELEMENTS--GENERAL INFORMATION
fixed length control field 210310s2000 mx ad gr 000 0 spa d
020 ## - INTERNATIONAL STANDARD BOOK NUMBER
International Standard Book Number 9681657527
040 ## - CATALOGING SOURCE
Original cataloging agency CO-JMCR
Transcribing agency CO-JMCR
041 1# - LANGUAGE CODE
Language code of text/sound track or separate title spa
Language code of original eng
082 04 - DEWEY DECIMAL CLASSIFICATION NUMBER
Classification number 330.95 /
Item number A638p
Edition number 23
100 1# - MAIN ENTRY--PERSONAL NAME
Personal name Aoki, Masahiko,
9 (RLIN) 17754
Relator term compilador
245 13 - TITLE STATEMENT
Title El papel del gobierno en el desarrollo económico del Asia oriental :
Remainder of title análisis institucional comparado /
Statement of responsibility, etc. Masahiko Aoki, Hyung-Ki Kim y Masahiro Okuno-Fujiwara (compiladores) ; [traducción Eduardo L. Suárez]
250 ## - EDITION STATEMENT
Edition statement Primera edición
260 ## - PUBLICATION, DISTRIBUTION, ETC.
Place of publication, distribution, etc. México :
Name of publisher, distributor, etc. Fondo de Cultura Económica,
Date of publication, distribution, etc. 2000
300 ## - PHYSICAL DESCRIPTION
Extent ix, 528 páginas :
Other physical details ilustraciones y gráficas a blanco y negro ;
Dimensions 21 cm.
490 0# - SERIES STATEMENT
Series statement El Trimestre Económico. Lecturas ;
Volume/sequential designation 91
500 ## - GENERAL NOTE
General note Título original: The role of government in East Asian Economic Development. Comparative Institutional Analysis<br/>Incluye notas a pie de página.
504 ## - BIBLIOGRAPHY, ETC. NOTE
Bibliography, etc. note Bibliografía al final de cada capítulo.
505 0# - FORMATTED CONTENTS NOTE
Formatted contents note Las fallas del mercado y la inherencia gubernamental -- El enfoque del fortalecimiento del mercado -- La economía política del desarrollo y las interacciones entre el gobierno y el sector privado
546 ## - LANGUAGE NOTE
Language note Traducido del inglés.
650 14 - SUBJECT ADDED ENTRY--TOPICAL TERM
Topical term or geographic name entry element Economía
9 (RLIN) 17756
Geographic subdivision Asia Oriental
650 24 - SUBJECT ADDED ENTRY--TOPICAL TERM
Topical term or geographic name entry element Hacienda pública
Geographic subdivision Asia Oriental
9 (RLIN) 40612
651 #4 - SUBJECT ADDED ENTRY--GEOGRAPHIC NAME
Geographic name Asia Oriental
General subdivision Política económica
9 (RLIN) 40613
651 #4 - SUBJECT ADDED ENTRY--GEOGRAPHIC NAME
Geographic name Asia Oriental
General subdivision Comercio exterior
9 (RLIN) 40614
651 #4 - SUBJECT ADDED ENTRY--GEOGRAPHIC NAME
Geographic name Asia Oriental
General subdivision Condiciones económicas
9 (RLIN) 40615
700 1# - ADDED ENTRY--PERSONAL NAME
Personal name Kim, Hyung-Ki,
Relator term compilador
9 (RLIN) 40616
700 1# - ADDED ENTRY--PERSONAL NAME
Personal name Okuno-Fujiwara, Masahiro,
Relator term compilador
9 (RLIN) 40617
700 1# - ADDED ENTRY--PERSONAL NAME
Personal name Suárez, Eduardo L.,
Relator term traductor
9 (RLIN) 4465
942 ## - ADDED ENTRY ELEMENTS (KOHA)
Source of classification or shelving scheme Dewey Decimal Classification
Koha item type Books
Existencias
Withdrawn status Lost status Source of classification or shelving scheme Damaged status Not for loan Collection code Home library Current library Date acquired Source of acquisition Full call number Barcode Date last seen Copy number Koha item type Public note
    Dewey Decimal Classification     Non-fiction Biblioteca Pública José María del Castillo y Rada Biblioteca Pública José María del Castillo y Rada 04/15/2018 Donación 330.95 / A638p 430004992 05/16/2024 Ej.1 Books Exlibris: rubrica con esfero negro en portada.